000 00808nam a22002657a 4500
999 _c410361
_d410361
001 136726
003 UA-OsUOA
005 20230504161346.0
007 ta
008 20190405b un ||||| |||| 00| 0 ukr d
020 _a9786177388912
040 _aUA-OsUOA
_bukr
_cUA-OsUOA
_dUA-OsUOA
041 _aukr
_hМова оригіналу
080 _a330.33
090 _a330.33
_bВ27
100 _aВелч Д.
245 _aСам собі МВА. Про бізнес без цензури
_cДжек Велч, Сьюзі Велч
260 _aК.
_bНаш формат
_c2018
300 _a200 с.
650 7 _a330 Економіка взагалі
_2UDC
700 _aВелч С.
942 _cBK
_2udc
955 _a2